000 00351 a2200169 4500
001 182850
020 _a85-08-04337-6
040 _cMagnum
100 _aRabelo, Laurinho
240 1 0 _aPoesia brasileira
_lpor
245 1 0 _aPoesia brasileira
300 _a112
362 0 _a1999
440 1 _aÁtica
697 _aLITERATURA GERAL
942 _cBK
999 _c182850
_d182850